000 00759nam a22002177a 4500
999 _c1088
_d1088
003 AR-CdUCM
008 190226b ||||| |||| 00| 0 spa d
040 _aMUNICIPALIDAD PROVINCIAL DEL CUSCO
_cBIBLIOTECA MUNICIPAL DEL CUSCO
082 _a985.004 /
_bL84
100 _aLorente, Sebastian
_94238
245 _aPensamientos sobre el Perú /
260 _aLima :
_bUniversidad Nacional Mayor de San Marcos,
_c1967.
300 _a84 páginas ;
_c20.5 cm.
440 _aComentarios del Perú
_n8
_94239
505 _aContenido: Extensión del Perú -- Valles de la sierra -- Yanaconas -- Faenas festivas -- Las punas ...
650 _aPerú
_935
650 _aRegiones
_94240
650 _aNaturaleza
_94241
942 _2ddc
_cLIBROS
945 _aafb
_d2019-02-26